Absorption-based post-combustion capture of carbon dioxide /

Absorption-Based Post-Combustion Capture of Carbon Dioxide provides a comprehensive and authoritative review of the use of absorbents for post-combustion capture of carbon dioxide. As fossil fuel-based power generation technologies are likely to remain key in the future, at least in the short- and m...

Full description

Bibliographic Details
Corporate Author: ScienceDirect (Online service)
Other Authors: Feron, Paul H. M.
Format: eBook
Language:English
Published: Duxford, UK : Woodhead Publishing is an impring of Elsevier, 2016.
Series:Woodhead Publishing in energy ; no. 101.
Subjects:
Online Access:Connect to the full text of this electronic book

MARC

Tag First Indicator Second Indicator Subfields
LEADER 00000cam a2200000Ma 4500
001 in00003974875
005 20190416173002.0
006 m o d
007 cr |n|||||||||
008 160603s2016 enk ob 001 0 eng d
019 |a 951032883  |a 951592540  |a 957680398 
020 |a 0081005156  |q (electronic bk.) 
020 |a 9780081005156  |q (electronic bk.) 
020 |z 9780081005149 
020 |z 0081005148 
035 |a (OCoLC)ocn951076001 
035 |a (OCoLC)951076001  |z (OCoLC)951032883  |z (OCoLC)951592540  |z (OCoLC)957680398 
037 |a 926982  |b MIL 
040 |a IDEBK  |b eng  |e pn  |c IDEBK  |d N$T  |d EBLCP  |d OPELS  |d OCLCO  |d N$T  |d OCLCO  |d YDXCP  |d OCLCO  |d OCLCF  |d OCLCO  |d YDX  |d OCLCQ  |d OCLCO  |d OCLCQ  |d UtOrBLW 
049 |a TXAM 
050 4 |a TD885.5.C3  |b A27 2016eb 
072 7 |a TEC  |x 010000  |2 bisacsh 
082 0 4 |a 628.5/32  |2 23 
245 0 0 |a Absorption-based post-combustion capture of carbon dioxide /  |c edited by Paul H.M. Feron. 
264 1 |a Duxford, UK :  |b Woodhead Publishing is an impring of Elsevier,  |c 2016. 
300 |a 1 online resource (816 pages) 
336 |a text  |b txt  |2 rdacontent 
337 |a computer  |b c  |2 rdamedia 
338 |a online resource  |b cr  |2 rdacarrier 
490 1 |a Woodhead Publishing series in energy ;  |v number 101 
500 |a Includes index. 
588 0 |a Print version record. 
504 |a Includes bibliographical references and index. 
520 |a Absorption-Based Post-Combustion Capture of Carbon Dioxide provides a comprehensive and authoritative review of the use of absorbents for post-combustion capture of carbon dioxide. As fossil fuel-based power generation technologies are likely to remain key in the future, at least in the short- and medium-term, carbon capture and storage will be a critical greenhouse gas reduction technique. Post-combustion capture involves the removal of carbon dioxide from flue gases after fuel combustion, meaning that carbon dioxide can then be compressed and cooled to form a safely transportable liquid that can be stored underground. Provides researchers in academia and industry with an authoritative overview of the amine-based methods for carbon dioxide capture from flue gases and related processes Editors and contributors are well known experts in the field Presents the first book on this specific topic. 
500 |a Electronic resource. 
650 0 |a Carbon sequestration.  |0 http://id.loc.gov/authorities/subjects/sh95005769 
650 0 |a Carbon dioxide  |x Absorption and adsorption.  |0 http://id.loc.gov/authorities/subjects/sh2007006848 
650 7 |a TECHNOLOGY & ENGINEERING  |x Environmental  |x General.  |2 bisacsh 
650 7 |a Carbon dioxide  |x Absorption and adsorption.  |2 fast  |0 (OCoLC)fst00846815 
650 7 |a Carbon sequestration.  |2 fast  |0 (OCoLC)fst00846873 
655 7 |a Electronic books.  |2 local 
700 1 |a Feron, Paul H. M. 
710 2 |a ScienceDirect (Online service)  |0 http://id.loc.gov/authorities/names/no00037061 
776 0 8 |i Print version:  |t Absorption-based post-combustion capture of carbon dioxide.  |d Duxford, UK : Woodhead Publishing is an impring of Elsevier, 2016  |z 0081005148  |z 9780081005149  |w (OCoLC)938382832 
830 0 |a Woodhead Publishing in energy ;  |v no. 101.  |0 http://id.loc.gov/authorities/names/no2008109412 
856 4 0 |u http://proxy.library.tamu.edu/login?url=http://www.sciencedirect.com/science/book/9780081005149  |z Connect to the full text of this electronic book  |t 0 
948 |a cataloged  |b h  |c 2018/2/12  |d c  |e jlanham  |f 12:30:01 pm 
999 f f |s b9375f17-2c52-31d2-a324-a4950e3ba538  |i 4bb835d6-82bc-372e-9c92-4b7677fe0954  |t 0 
952 f f |a Texas A&M University  |b College Station  |c Electronic Resources  |d Available Online  |t 0  |e TD885.5.C3 A27 2016eb  |h Library of Congress classification 
998 f f |a TD885.5.C3 A27 2016eb  |t 0  |l Available Online